| 000 | 03051nam a22003977a 4500 | ||
|---|---|---|---|
| 005 | 20081014101420.0 | ||
| 008 | 081014t xxu||||| |||| 00| 0 hin d | ||
| 010 | _aHIN-84373 B-314143-147 | ||
| 020 |
_a9788181662598 _c250.00 |
||
| 035 | _aHN-56719 | ||
| 035 | _aB-314143-147 | ||
| 035 | _aB-358778 | ||
| 037 | _bDBAD / PUB | ||
| 037 | _bमेधा बुक्स | ||
| 037 | _bपैन्सी बुक्स | ||
| 040 |
_aDPL _bHN |
||
| 082 | _a808.883 | ||
| 100 | _aहरीश नवल | ||
| 245 |
_aनिराला की गली में तथा अन्य संस्मरण / _cहरीश नवल |
||
| 246 |
_aNirala kii gali mein tathaa anya sansmarana _bby Harish Naval |
||
| 260 |
_aदिल्ली _bमेधा बुक्स _c2008 |
||
| 270 |
_aएक्स-11, नवीन शाहदरा _bदिल्ली _e110032 _mwww.medhabooks.com |
||
| 300 |
_a205पृ _c22सेमी (सजिल्द) |
||
| 650 | _aMemory in literature | ||
| 650 | _aस्मृति साहित्य में | ||
| 942 |
_2ddc _cHN _mहरीश _h808.883 |
||
| 999 |
_c16635 _d16635 |
||